Sueños de libertad: legado de primeros inmigrantes judíos llegados a Valparaíso

Gorde:
Xehetasun bibliografikoak
Egile Nagusiak: Weinstein Serebrenik, Eduardo (Egilea), Perrot Agosin, Marcelo (Egilea), Weinstein Fischer, Andrés (Egilea)
Formatua: Liburua
Hizkuntza:gaztelania
Argitaratua: Santiago 3iG 2016
Edizioa:1a. ed
Gaiak:
Etiketak: Etiketa erantsi
Etiketarik gabe, Izan zaitez lehena erregistro honi etiketa jartzen!

MARC

LEADER 00000cam a2200000 a 4500
001 UCC7536
003 CL-VaPUC
008 190409e20160000cl |||||||||||||||||spa|d
082 0 4 |a 325.983  |b WEI  |2 21 
100 0 |a Weinstein Serebrenik, Eduardo  |e author  |9 602177 
700 0 |a Perrot Agosin, Marcelo  |e author  |9 602178 
700 0 |a Weinstein Fischer, Andrés  |e author  |9 602179 
245 1 0 |a Sueños de libertad: legado de primeros inmigrantes judíos llegados a Valparaíso 
250 |a 1a. ed 
300 |a 374 p 
942 |c BK 
945 |d 20190409 14:28:00  |a dcastane 
260 |a Santiago  |b 3iG  |c 2016 
650 7 |a INMIGRANTES SIGLO 19  |2 CL-VaPUC  |9 576060 
650 7 |a INMIGRANTES EUROPEOS  |2 CL-VaPUC  |9 472224 
650 0 |a Multiculturalismo  |9 435149 
650 0 |a Judíos  |9 313771 
583 |a last modification  |c 20190409 14:28:00  |k Rodrigo Vera 
999 |c 374156  |d 374154 
952 |0 0  |1 0  |3 erb  |4 0  |6 325_983000000000000_WEI_2016  |7 0  |8 X  |9 492579  |a FDOBUD  |b FDOBUD  |i 5541786  |o 325.983 WEI 2016  |p 5541786  |r 2019-11-24  |w 2019-11-24  |y BK_X  |z Catalogado en:20190409  |k BUD